ბათუმის შოთა რუსთაველის სახელმწიფო უნივერსიტეტის ბიბლიოთეკა

აჭარის მთიანი რეგიონის ზვავსაშიშროება / (ბიბ.ჩანაწერი № 58786)

000 -ლიდერი
ფიქსირებული სიგრძის საკონტროლო ველი 01256nam a22002537a 4500
003 - საკონტროლო ნომრის იდენტიფიკატორი
საკონტროლო ველი Ge_BSU
005 - ბოლო ოპერაციის თარიღი და დრო
საკონტროლო ველი 20230130104544.0
008 - ფიქსირებული სიგრძის მონაცემთა ელემენტები - ზოგადი ინფორმაცია
ფიქსირებული სიგრძის საკონტროლო ველი 220728s2020ge xxu||||| |||| 00| 0 geo d
020 ## - წიგნის საერთაშორისო სტანდარტული ნომერი
International Standard Book Number 9789941827624
041 ## - ენის კოდი
Language code of text/sound track or separate title geo
080 ## - უნივერსალური ათობითი კლასიფიკაციის ინდექსი
Universal Decimal Classification number 551.578.48(479.22) ს-20
100 ## - მთავარი ჩანაწერი - პიროვნების სახელი
Personal name სალუქვაძე, მ
9 (RLIN) 14498
245 ## - ცნობა სათაურის შესახებ
Title აჭარის მთიანი რეგიონის ზვავსაშიშროება /
Statement of responsibility, etc მ. სალუქვაძე, მთ.რედ. თენგიზ ცინცაძე.
264 ## - წარმოების, გამოცემის, დისტრიბუციის და სხვა ცნობები
გამოცემის, წარმოების, დისტრიბუციის... ადგილი თბილისი,
გამოცემის, წარმოების, დისტრიბუციის... თარიღი 2020.
300 ## - ფიზიკური აღწერა
Extent 102 გვ.:
Other physical details 4 ცხრილი.
504 ## - BIBLIOGRAPHY, ETC. NOTE
Bibliography, etc ბიბლიოგრ. გვ. 71-72
520 ## - SUMMARY, ETC.
Summary, etc რეზიუმე ქართ., რუს. და ინგლ. ენებზე.
653 ## - INDEX TERM--UNCONTROLLED
Uncontrolled term ზვავები
653 ## - INDEX TERM--UNCONTROLLED
Uncontrolled term აჭარა
653 ## - INDEX TERM--UNCONTROLLED
Uncontrolled term ზვავსაშიშროება
700 ## - ADDED ENTRY--PERSONAL NAME
Personal name ცინჩაძე, თენგიზ
Relator term მთავარი რედაქტორი
9 (RLIN) 14618
710 ## - ADDED ENTRY--CORPORATE NAME
Corporate name or jurisdiction name as entry element საქართველოს ტექნიკური უნივერსიტეტი. ჰიდრომეტროლოგიის უინსტიტუტი
9 (RLIN) 14501
942 ## - ADDED ENTRY ELEMENTS (KOHA)
Source of classification or shelving scheme
Koha item type წიგნი
ეგზემპლარები
ჩამოწერის სტატუსი დაკარგული ეგზემპლარის სტატუსი კლასიფიკაციის წყარო ან თაროზე გაწყობის სქემა დაზიანების სტატუსი არ გაიცემა მუდმივი მდებარეობა (დაცვის ადგილი) ამჟამინდელი ადგილსამყოფელი თაროზე განთავსების ადგილი შეძენის თარიღი ღირებულება, შესყიდვის ნორმალური ფასი სრული შენახვის შიფრი შტრიხკოდი ბოლო ოპერაციის თარიღი ეგზემპლარის მიმდევრობითი ნომერი (კეტერი?) ფასის ძალაში შესვლის თარიღი ეგზემპლარის სახეობა საჯარო შენიშვნა
          ბათუმის შოთა რუსთაველის სახელმწიფო უნივერსიტეტის მთავარი ბიბლიოთეკა ბათუმის შოთა რუსთაველის სახელმწიფო უნივერსიტეტის მთავარი ბიბლიოთეკა წიგნსაცავი 2022-07-28 8.00 551.578.48(479.22) ს-20 63034 2022-07-28 63034 2022-07-28 წიგნი 8.00